La nueva pedagogía : la pedagogía institucional (Record no. 73522)

MARC details
000 -CABECERA
campo de control de longitud fija 00551nam a2200205 a 4500
005 - FECHA Y HORA DE LA ÚLTIMA TRANSACCIÓN
campo de control 20210219153311.0
008 - ELEMENTOS DE LONGITUD FIJA--INFORMACIÓN GENERAL
campo de control de longitud fija 991125n 000 0 spa u
035 ## - NÚMERO DE CONTROL DEL SISTEMA
Número de control de sistema UPN01000090113
100 1# - ASIENTO PRINCIPAL--NOMBRE PERSONAL
Nombre de persona Lobrot, Michel,
Fechas asociadas al nombre 1924-
222 ## - TÍTULO CLAVE
Título clave ROSAS INFANTILES
222 ## - TÍTULO CLAVE
Información calificativa REVISTA PEDAGOGICA INDEPENDIENTE
245 ## - MENCIÓN DE TÍTULO
Título La nueva pedagogía : la pedagogía institucional
300 ## - DESCRIPCIÓN FÍSICA
Extensión 32
362 0# - FECHAS DE PUBLICACIÓN Y/O DESIGNACIÓN SECUENCIAL
Fecha de publicación y/o designación secuencial 1973 No. 6, feb.-mar.
653 0# - TERMINO DE INDIZACION - NO CONTROLADO
Término no controlado EUA
653 0# - TERMINO DE INDIZACION - NO CONTROLADO
Término no controlado FRANCIA
653 0# - TERMINO DE INDIZACION - NO CONTROLADO
Término no controlado SISTEMA EDUCATIVO NACIONAL
904 ## - ELEMENTOS DE DATOS D LOCAL, LDD (RLIN)
a AC
b 027924
905 ## - TIPO DE MATERIAL
Tipo de material Articulo

No items available.